Svalbard Picture Quiz - Statistics

General Stats
  • This quiz has been taken 6 times
  • The average score is 5 of 9
Answer Stats
Picture Hint Answer % Correct
Capital and Largest city Longyearbyen
100%
Svalbard Global Seed Vault
83%
One of the most common land animals Svalbard Reindeer
83%
Covers nearly 60% of Svalbard Glacier
67%
University Centre in Svalbard
33%
Person who discovered Svalbard Willem Barentsz
33%
Mayor of the capital city from 2011-2015 Christin Kristoffersen
17%
Tallest mountain in Svalbard Newtontoppen
17%
Deadliest plane death in Norway Vnukovo Airlines Flight 2801
17%
No matching quizzes found
Score Distribution
Percent of People with Each Score
Percentile by Number Answered
Your Score History
You have not taken this quiz